| 000 | 00676nam a2200229Ia 4500 | ||
|---|---|---|---|
| 003 | GCL | ||
| 008 | 140319s9999 xx 000 0 ara d | ||
| 020 | _a960550997 | ||
| 040 |
_aGCL / _cGCL |
||
| 082 | 0 | 4 |
_a291 _bع ت |
| 100 | 1 | _aعادل المعلم | |
| 245 | 1 | 0 |
_aالتوراة والقران : _bمقارنة نصية / _cعادل المعلم |
| 250 | _aالاولى | ||
| 260 |
_aالقاهرة : _bمكتبة الشروق ، _c1999 |
||
| 300 |
_a2 مج ؛ _c20 سم |
||
| 650 | 0 | 4 | _aالديانات |
| 650 | 0 | 4 | _aالتوراة |
| 650 | 0 | 4 | _aالدين المقارن |
| 650 | 0 | 4 | _aالقران |
| 650 | 0 | 4 | _aالديانات - بحوث |
| 942 |
_2ddc _cBK |
||
| 999 |
_c2607 _d2607 |
||